[Event "PRO League Group Stage"]
[Site "chess.com INT"]
[Date "2019.03.12"]
[Round "10"]
[White "Le, Tuan Minh"]
[Black "Nyzhnyk, Illya"]
[Result "0-1"]
[WhiteTitle "IM"]
[BlackTitle "GM"]
[WhiteElo "2515"]
[BlackElo "2624"]
[WhiteTeam "Pittsburgh Pawngrabbers"]
[BlackTeam "Webster Windmills"]
[WhiteFideId "12401153"]
[BlackFideId "14118084"]
[EventDate "2019.01.08"]

1. d4 d5 2. Nf3 Nf6 3. Bf4 e6 4. e3 c5 5. c3 Nc6 6. Nbd2 Be7 7. Bd3 Nh5 8. Be5
Nxe5 9. dxe5 g6 10. O-O Bd7 11. Qe2 O-O 12. Rfd1 Bc6 13. Rac1 c4 14. Bb1 Qc7 15.
Nf1 Rac8 16. Ng3 Nxg3 17. hxg3 Rfd8 18. Rd4 Bf8 19. e4 Bg7 20. exd5 exd5 21. Rh4
Re8 22. Re1 Re7 23. Qe3 Rce8 24. Qxa7 Bxe5 25. Rd1 Bg7 26. Bc2 Re2 27. Rc1 Qe7
28. b3 h6 29. Bb1 g5 30. Rh1 Qf6 31. bxc4 dxc4 32. Qc5 Bxf3 33. gxf3 Qxf3 34.
Rf1 Re1 35. Kh2 R8e2 36. Qc8+ Bf8 37. Rxe1 Rxf2+ 38. Kh3 Qh5# 0-1

[Event "PRO League Group Stage"]
[Site "chess.com INT"]
[Date "2019.03.12"]
[Round "10"]
[White "Eljanov, Pavel"]
[Black "Caruana, Fabiano"]
[Result "0-1"]
[WhiteTitle "GM"]
[BlackTitle "GM"]
[WhiteElo "2680"]
[BlackElo "2828"]
[WhiteTeam "Miami Champions"]
[BlackTeam "Saint Louis Arch Bishops"]
[WhiteFideId "14102951"]
[BlackFideId "2020009"]
[EventDate "2019.01.08"]

1. Nf3 d5 2. g3 c6 3. Bg2 Bf5 4. c4 e6 5. Qb3 Qc7 6. d4 Nd7 7. Nc3 Ngf6 8. Bf4
Qb6 9. c5 Qa6 10. Nh4 Bg6 11. Nxg6 hxg6 12. O-O b6 13. cxb6 Qxb6 14. e4 Be7 15.
exd5 cxd5 16. Rfe1 a5 17. Nxd5 exd5 18. Qe3 Qe6 19. Qb3 Ne4 20. f3 g5 21. Bc7
Rc8 22. Bxa5 Qf6 23. fxe4 Qxd4+ 24. Kh1 Rc6 25. Qe3 Qxe3 26. Rxe3 d4 27. Rd3 Ne5
28. Rxd4 Rc2 29. Bc3 Ng4 30. h3 Nf2+ 31. Kh2 Nxh3 32. Rd2 Nf4+ 33. Kg1 Bc5+ 34.
Kf1 Rxd2 35. Bxd2 Nd3 36. Bc3 f6 37. Rd1 Ne5 38. Rd5 Be7 39. Bxe5 fxe5 40. Rxe5
Kf7 41. Rf5+ Ke6 42. Rb5 Bf6 43. a4 g4 44. e5 Bxe5 45. a5 Rf8+ 46. Ke2 Bxg3 47.
Bd5+ Kd6 48. a6 Bf2 49. Be4 g3 50. Rb7 Re8 51. Kd3 g5 52. Rg7 Ke5 53. a7 Rd8+
54. Ke2 Kxe4 0-1

[Event "PRO League Group Stage"]
[Site "chess.com INT"]
[Date "2019.03.12"]
[Round "10"]
[White "So, Wesley"]
[Black "Iturrizaga Bonelli, Eduardo"]
[Result "0-1"]
[WhiteTitle "GM"]
[BlackTitle "GM"]
[WhiteElo "2765"]
[BlackElo "2637"]
[WhiteTeam "Saint Louis Arch Bishops"]
[BlackTeam "Miami Champions"]
[WhiteFideId "5202213"]
[BlackFideId "3901211"]
[EventDate "2019.01.08"]

1. e4 c5 2. Nf3 g6 3. d4 cxd4 4. Nxd4 Nc6 5. c4 Bg7 6. Be3 Nf6 7. Nc3 O-O 8. Be2
d6 9. O-O Bd7 10. Nc2 Be6 11. Rc1 Nd7 12. Qd2 a5 13. f3 a4 14. Na3 Qa5 15. f4
Nc5 16. Bf3 Nb4 17. Be2 Nxa2 18. Nxa2 Qxd2 19. Bxd2 Bd4+ 20. Kh1 Bxb2 21. Bb4
Bxc1 22. Nxc1 Nxe4 23. Bf3 Nf6 24. Nd3 Bg4 25. Bxg4 Nxg4 26. Kg1 Rfc8 27. Re1
Kf8 28. h3 Nf6 29. Kf2 Nd7 30. Ke3 Nb8 31. Rb1 Nc6 32. Bc3 Rc7 33. g4 Na5 34.
Rb4 Rac8 35. Nb2 d5 36. Be5 Nc6 37. Rxa4 Nxe5 38. fxe5 dxc4 39. Rxc4 Rxc4 40.
Naxc4 Rc5 41. Kd4 Rb5 42. Kc3 f6 43. Nd3 Rb1 44. exf6 exf6 45. Nd6 Ke7 46. Ne4
f5 47. gxf5 gxf5 48. Ng5 Rg1 49. h4 Rg4 50. Nxh7 Rxh4 51. Ng5 Kf6 52. Nf3 Re4
53. Nd2 Re7 54. Nc4 Kg5 55. Kb4 f4 56. Nxf4 Kxf4 57. Na5 Re1 58. Kc5 Rc1+ 59.
Kb6 Rb1+ 60. Kc7 b5 61. Kc6 Ke4 62. Kc5 Kd3 63. Nc6 Kc3 64. Nd4 b4 65. Ne2+ Kb3
66. Nd4+ Ka4 0-1

[Event "PRO League Group Stage"]
[Site "chess.com INT"]
[Date "2019.03.12"]
[Round "10"]
[White "Wang, Tianqi"]
[Black "Ali Marandi, Cemil Can"]
[Result "0-1"]
[BlackTitle "GM"]
[WhiteElo "2329"]
[BlackElo "2530"]
[WhiteTeam "Miami Champions"]
[BlackTeam "Saint Louis Arch Bishops"]
[WhiteFideId "2063824"]
[BlackFideId "6300529"]
[EventDate "2019.01.08"]

1. Nf3 d5 2. c4 c6 3. e3 Nf6 4. b3 e6 5. Bb2 Nbd7 6. Be2 Bd6 7. O-O O-O 8. d3 e5
9. cxd5 cxd5 10. Nbd2 a6 11. a3 b5 12. Qb1 Bb7 13. Qa2 Re8 14. Rac1 a5 15. Rfd1
Qe7 16. Qa1 b4 17. a4 Ba6 18. Rc6 Bb7 19. Rcc1 Nf8 20. h3 Ng6 21. Bf1 Rad8 22.
d4 e4 23. Ne5 Rc8 24. Rxc8 Rxc8 25. Nxg6 hxg6 26. Rc1 Rd8 27. Rc2 g5 28. g3 Bc8
29. Qc1 Bf5 30. g4 Bd7 31. Bg2 g6 32. Nf1 Kg7 33. Ng3 Ng8 34. Rc5 Bxc5 35. dxc5+
f6 36. Bd4 Qe6 37. f3 exf3 38. Bxf3 Ne7 39. e4 Bc6 40. e5 fxe5 41. Qe3 Kf7 42.
Bxe5 d4 43. Qf2 Bxf3 44. Qxf3+ Kg8 45. Bd6 Nc8 46. Ne4 Nxd6 47. cxd6 Rf8 48. Qd3
Qe5 49. d7 Kg7 50. h4 gxh4 51. g5 Qd5 52. Qa6 Qxd7 53. Nf6 Qe7 0-1

[Event "PRO League Group Stage"]
[Site "chess.com INT"]
[Date "2019.03.12"]
[Round "10"]
[White "Movsesian, Sergei"]
[Black "Guseinov, Gadir"]
[Result "1-0"]
[WhiteTitle "GM"]
[BlackTitle "GM"]
[WhiteElo "2629"]
[BlackElo "2664"]
[WhiteTeam "London Lions"]
[BlackTeam "Montclair Sopranos"]
[WhiteFideId "310204"]
[BlackFideId "13401378"]
[EventDate "2019.01.08"]

1. c4 g6 2. Nc3 Bg7 3. g3 Nf6 4. Bg2 O-O 5. e3 c6 6. Nge2 d5 7. cxd5 cxd5 8. O-O
Nc6 9. b3 d4 10. Nxd4 Nxd4 11. exd4 Qxd4 12. Bb2 Bg4 13. Qe1 Qd7 14. Qe3 Bh3 15.
Rfe1 Bxg2 16. Kxg2 Rfd8 17. Rad1 e6 18. Qf3 Nd5 19. h4 h5 20. Ba1 Rac8 21. Ne4
Rc2 22. Bxg7 Kxg7 23. a3 a5 24. Rc1 Rdc8 25. Rxc2 Rxc2 26. Kg1 Qc7 27. Qd3 Rc1
28. Qf1 Rxe1 29. Qxe1 Qe5 30. Qb1 Qd4 31. d3 b5 32. Kg2 b4 33. a4 Nc3 34. Qc2
Qd5 35. Kf1 Qd4 36. Nd2 Kf8 37. Nc4 Qd5 38. Ke1 Qh1+ 39. Kd2 Qf1 40. Ke3 f6 41.
Kd4 Ne2+ 42. Ke3 Nc1 43. Nxa5 Qe1+ 44. Kf3 Qh1+ 45. Ke3 Qe1+ 46. Kf3 Qc3 47.
Qxc3 bxc3 48. Ke3 Na2 49. b4 Nxb4 50. Nb3 Nc2+ 51. Ke4 Ke7 52. a5 Kd6 53. a6 Kc7
54. Nc5 Kb6 55. d4 Nb4 56. Na4+ Kxa6 57. Nxc3 Kb7 58. d5 e5 59. f4 exf4 60. gxf4
Kc7 61. f5 gxf5+ 62. Kxf5 Kd6 63. Kg6 f5 64. Kxh5 f4 65. Kg6 f3 66. h5 Nxd5 67.
Ne4+ Ke6 68. Ng5+ Ke5 69. Nxf3+ Ke6 70. Ng5+ Ke5 71. h6 Ne7+ 72. Kf7 Nf5 73. h7
Nd6+ 74. Kg8 1-0

[Event "PRO League Group Stage"]
[Site "chess.com INT"]
[Date "2019.03.12"]
[Round "10"]
[White "Checa, Nicolas"]
[Black "Ghasi, Ameet K"]
[Result "1-0"]
[WhiteTitle "IM"]
[BlackTitle "IM"]
[WhiteElo "2508"]
[BlackElo "2505"]
[WhiteTeam "Montclair Sopranos"]
[BlackTeam "London Lions"]
[WhiteFideId "2069342"]
[BlackFideId "409200"]
[EventDate "2019.01.08"]

1. d4 Nf6 2. c4 g6 3. Nc3 Bg7 4. e4 d6 5. Nf3 O-O 6. Be2 Bg4 7. Be3 a6 8. O-O
Nfd7 9. Rc1 Bxf3 10. Bxf3 c5 11. dxc5 dxc5 12. e5 Bxe5 13. Bxb7 Bxh2+ 14. Kh1
Ra7 15. Bf3 Be5 16. g3 e6 17. b4 Bxc3 18. Rxc3 Qf6 19. Rd3 Qf5 20. Rd6 Rc7 21.
b5 Ne5 22. Be2 Qe4+ 23. Kg1 Nxc4 24. Bxc4 Qxc4 25. b6 Re7 26. Rd8 Ree8 27. Rxe8
Rxe8 28. Qd6 Qe4 29. Qxc5 Nc6 30. f3 Qd5 31. Qxd5 exd5 32. Bf4 f6 33. b7 g5 34.
Bd6 Rd8 35. Rc1 Rd7 36. Rxc6 Rxb7 37. Rxa6 Kf7 38. Bc5 Kg6 39. Bd4 Rb4 40. Bxf6
Rb1+ 41. Kf2 Kf5 42. g4+ Kf4 43. Ra4+ d4 44. Rxd4# 1-0

[Event "PRO League Group Stage"]
[Site "chess.com INT"]
[Date "2019.03.12"]
[Round "10"]
[White "Haria, Ravi"]
[Black "Sturt, Raven"]
[Result "1/2-1/2"]
[WhiteTitle "IM"]
[BlackTitle "IM"]
[WhiteElo "2450"]
[BlackElo "2429"]
[WhiteTeam "London Lions"]
[BlackTeam "Montclair Sopranos"]
[WhiteFideId "415820"]
[BlackFideId "2007304"]
[EventDate "2019.01.08"]

1. e4 e5 2. Nf3 Nc6 3. Bc4 Nf6 4. d3 Be7 5. O-O O-O 6. Re1 d6 7. a4 Na5 8. Ba2
c5 9. c3 h6 10. Na3 Be6 11. Bxe6 fxe6 12. b4 cxb4 13. cxb4 Nc6 14. Qb3 Qd7 15.
Nc2 Rac8 16. h3 Kh7 17. Bd2 Nh5 18. b5 Nd8 19. d4 Nf7 20. Rad1 Qc7 21. Nb4 Qc4
22. Qb2 Qc7 23. d5 Qd7 24. Qb3 exd5 25. Nxd5 Bg5 26. Bb4 Qe6 27. Qd3 Qg6 28.
Nxg5+ Qxg5 29. Bd2 Qh4 30. f4 exf4 31. e5+ Kh8 32. e6 f3 33. Re4 Qg3 34. Qxf3
Qxf3 35. gxf3 Ne5 36. f4 Nf3+ 37. Kf2 Ng5 38. Re2 Nxh3+ 39. Kf3 Rf5 40. Bc1 Ng1+
41. Rxg1 Rxd5 42. e7 Nf6 43. Bb2 Re8 44. Bxf6 gxf6 45. Rg6 Kh7 46. Rxf6 Kg7 47.
Rfe6 Rd4 48. R6e4 Rxe4 49. Rxe4 Kf6 50. Rd4 Kxe7 51. Rd5 Rf8 52. Rh5 Rf6 53. Ke4
Ke6 54. f5+ Kd7 55. Rh1 Kc7 56. a5 Kd7 57. Rg1 h5 58. Rg7+ Kc8 59. Rh7 a6 60. b6
Rf8 61. Rxh5 Kd7 62. Kd5 Rf7 63. Rg5 Ke7 64. Rh5 Kd7 65. Rg5 Ke7 66. Rh5 Kd7 67.
Rg5 1/2-1/2

[Event "PRO League Group Stage"]
[Site "chess.com INT"]
[Date "2019.03.12"]
[Round "10"]
[White "Bartell, Thomas"]
[Black "Horton, Andrew P"]
[Result "1-0"]
[WhiteTitle "IM"]
[BlackTitle "IM"]
[WhiteElo "2353"]
[BlackElo "2388"]
[WhiteTeam "Montclair Sopranos"]
[BlackTeam "London Lions"]
[WhiteFideId "2017849"]
[BlackFideId "424269"]
[EventDate "2019.01.08"]

1. d4 Nf6 2. c4 e6 3. Nf3 d5 4. g3 a6 5. Nbd2 dxc4 6. Nxc4 b5 7. Nce5 Bb7 8. Bg2
Ra7 9. O-O h6 10. a4 b4 11. a5 Bd6 12. Qa4+ Nbd7 13. Bd2 Qe7 14. Nc4 O-O 15.
Nxd6 cxd6 16. Bxb4 Ne4 17. Rfc1 Bd5 18. Ne1 Rb7 19. f3 Rfb8 20. Nd3 Nef6 21. e4
e5 22. exd5 Nxd5 23. Ba3 Rb3 24. Nf2 N7f6 25. dxe5 dxe5 26. Bxe7 1-0

[Event "PRO League Group Stage"]
[Site "chess.com INT"]
[Date "2019.03.12"]
[Round "10"]
[White "Robson, Ray"]
[Black "Saric, Ivan"]
[Result "1-0"]
[WhiteTitle "GM"]
[BlackTitle "GM"]
[WhiteElo "2667"]
[BlackElo "2690"]
[WhiteTeam "Webster Windmills"]
[BlackTeam "Montreal Chessbrahs"]
[WhiteFideId "2023970"]
[BlackFideId "14508150"]
[EventDate "2019.01.08"]

1. e4 g6 2. d4 d6 3. Nc3 Bg7 4. f4 Nf6 5. Bd3 O-O 6. Nf3 Nc6 7. e5 dxe5 8. fxe5
Nh5 9. Ne2 f6 10. exf6 exf6 11. O-O Kh8 12. c3 Qd6 13. Nd2 Bg4 14. Ne4 Qe7 15.
Nf2 f5 16. Nxg4 fxg4 17. Nf4 g3 18. Nxh5 gxh2+ 19. Kh1 Rxf1+ 20. Qxf1 gxh5 21.
Qf5 Qe1+ 22. Kxh2 Qh4+ 23. Kg1 Qe1+ 24. Kh2 Qh4+ 25. Qh3 Qxh3+ 26. Kxh3 Rf8 27.
Be3 Ne7 28. Rf1 Rxf1 29. Bxf1 Bf6 30. Be2 h4 31. Bf3 c6 32. Be4 Kg7 33. Bf2 Ng6
34. Bxg6 Kxg6 35. Bxh4 Bg7 36. Kg4 Bh6 37. Kf3 Bc1 38. b3 Bb2 39. Be1 Kf5 40.
g4+ Kg5 41. Bd2+ Kh4 42. Kf4 a5 43. a4 Kh3 44. g5 Kg2 45. Ke4 Kf2 46. c4 1-0

[Event "PRO League Group Stage"]
[Site "chess.com INT"]
[Date "2019.03.12"]
[Round "10"]
[White "Hansen, Eric"]
[Black "Durarbayli, Vasif"]
[Result "1/2-1/2"]
[WhiteTitle "GM"]
[BlackTitle "GM"]
[WhiteElo "2615"]
[BlackElo "2620"]
[WhiteTeam "Montreal Chessbrahs"]
[BlackTeam "Webster Windmills"]
[WhiteFideId "2606771"]
[BlackFideId "13402935"]
[EventDate "2019.01.08"]

1. e4 e5 2. Nf3 Nc6 3. Bb5 a6 4. Ba4 Nge7 5. c3 g6 6. d4 exd4 7. cxd4 b5 8. Bb3
Bg7 9. d5 Na5 10. Bd2 Nxb3 11. Qxb3 c5 12. Bc3 f6 13. a4 b4 14. Bd2 d6 15. Bf4
g5 16. Bg3 h6 17. h4 f5 18. hxg5 fxe4 19. Nfd2 Nf5 20. Nxe4 Qe7 21. Nd2 Bb7 22.
O-O-O O-O-O 23. Rhe1 Nxg3 24. Qxg3 Bxd5 25. Nc4 Bxe4 26. Rxd6 Qxg5+ 27. Qxg5
hxg5 28. Rxd8+ Kxd8 29. Rxe4 Bd4 30. Rg4 Bxf2 31. Rxg5 Rh4 32. Rg8+ Kc7 33. b3
Bd4 34. Rg6 Rh1+ 35. Kc2 Rg1 36. Kd3 Rb1 37. Na5 Rc1 38. g4 Rc3+ 39. Ke4 Rg3 40.
Kd5 Kd7 41. g5 Ke7 42. Re6+ Kd7 43. Rg6 Ke7 44. Rxa6 Rxg5+ 45. Kc4 Rg3 46. Rh6
Kd7 47. Rh7+ Kd6 48. Kb5 Kd5 49. Rh5+ Ke4 50. Nc4 Kd3 51. a5 Kc3 52. a6 Kxb3 53.
a7 Rg8 54. Rh3+ Bc3 55. Rh2 Ra8 56. Na5+ Ka3 57. Nc4+ Kb3 58. Na5+ Ka3 59. Nc4+
Kb3 60. Na5+ Ka3 1/2-1/2

[Event "PRO League Group Stage"]
[Site "chess.com INT"]
[Date "2019.03.12"]
[Round "10"]
[White "Nyzhnyk, Illya"]
[Black "Kleinman, Michael"]
[Result "1-0"]
[WhiteTitle "GM"]
[BlackTitle "IM"]
[WhiteElo "2624"]
[BlackElo "2411"]
[WhiteTeam "Webster Windmills"]
[BlackTeam "Montreal Chessbrahs"]
[WhiteFideId "14118084"]
[BlackFideId "2609479"]
[EventDate "2019.01.08"]

1. c4 c5 2. Nf3 Nf6 3. b3 g6 4. Bb2 Bg7 5. g3 O-O 6. Bg2 Nc6 7. O-O b6 8. d4
cxd4 9. Nxd4 Bb7 10. Nc3 a6 11. Qd2 Qc7 12. Nc2 d6 13. Nd5 Nxd5 14. Bxg7 Kxg7
15. cxd5 Ne5 16. Nd4 b5 17. Qg5 Rfe8 18. Rac1 Qd7 19. f4 Qg4 20. Qxg4 Nxg4 21.
Rc7 Rab8 22. e4 Ne3 23. Rfc1 Nxg2 24. Kxg2 f5 25. Kf3 fxe4+ 26. Kxe4 Rbc8 27.
R1c2 Rxc7 28. Rxc7 Ba8 29. g4 h6 30. h4 Kf6 31. g5+ hxg5 32. hxg5+ Kf7 33. Ra7
Rc8 34. Ne6 a5 35. Nc7 a4 36. Nxa8 axb3 37. axb3 Rc3 38. Nb6 Rc5 39. f5 gxf5+
40. Kxf5 b4 41. g6+ Ke8 42. Ra8+ 1-0

[Event "PRO League Group Stage"]
[Site "chess.com INT"]
[Date "2019.03.12"]
[Round "10"]
[White "Rodrigue-Lemieux, Shawn"]
[Black "Grabinsky, Joshua"]
[Result "1-0"]
[WhiteTitle "FM"]
[BlackTitle "CM"]
[WhiteElo "2293"]
[BlackElo "2078"]
[WhiteTeam "Montreal Chessbrahs"]
[BlackTeam "Webster Windmills"]
[WhiteFideId "2620049"]
[BlackFideId "30919754"]
[EventDate "2019.01.08"]

1. e4 e6 2. d4 d5 3. Nd2 a6 4. c3 c5 5. Ngf3 Nf6 6. Bd3 Nc6 7. O-O Be7 8. exd5
Nxd5 9. Ne4 cxd4 10. cxd4 h6 11. a3 O-O 12. Nc3 Nf6 13. Re1 b5 14. Be3 Bb7 15.
Rc1 Rc8 16. Bb1 b4 17. axb4 Nxb4 18. Ne5 Nbd5 19. Qd3 Nb4 20. Qd2 Re8 21. Bxh6
g6 22. Nxf7 Qb6 23. Qg5 1-0

[Event "PRO League Group Stage"]
[Site "chess.com INT"]
[Date "2019.03.12"]
[Round "10"]
[White "Moranda, Wojciech"]
[Black "Movsesian, Sergei"]
[Result "1-0"]
[WhiteTitle "GM"]
[BlackTitle "GM"]
[WhiteElo "2593"]
[BlackElo "2629"]
[WhiteTeam "New York Marshalls"]
[BlackTeam "London Lions"]
[WhiteFideId "1122401"]
[BlackFideId "310204"]
[EventDate "2019.01.08"]

1. d4 Nf6 2. c4 e6 3. Nf3 d5 4. Nc3 Bb4 5. Qb3 c5 6. dxc5 Na6 7. a3 Bxc3+ 8.
Qxc3 Nxc5 9. cxd5 Qxd5 10. Be3 Nce4 11. Qe5 Qxe5 12. Nxe5 Nd5 13. Bc1 Nc5 14. b4
Nb3 15. Rb1 Nxc1 16. Rxc1 f6 17. Nc4 Ke7 18. e4 Nf4 19. Na5 Rd8 20. g3 Ng6 21.
Rc7+ Rd7 22. Rc3 Rd4 23. Bg2 Rb8 24. O-O e5 25. Rc7+ Rd7 26. Rfc1 Kd8 27. R7c3
Rd6 28. Rxc8+ Rxc8 29. Nxb7+ Kd7 30. Bh3+ 1-0

[Event "PRO League Group Stage"]
[Site "chess.com INT"]
[Date "2019.03.12"]
[Round "10"]
[White "Ghasi, Ameet K"]
[Black "Azarov, Sergei"]
[Result "1-0"]
[WhiteTitle "IM"]
[BlackTitle "GM"]
[WhiteElo "2505"]
[BlackElo "2575"]
[WhiteTeam "London Lions"]
[BlackTeam "New York Marshalls"]
[WhiteFideId "409200"]
[BlackFideId "13501470"]
[EventDate "2019.01.08"]

1. Nf3 Nf6 2. g3 b5 3. Bg2 Bb7 4. O-O e6 5. b3 c5 6. c4 a6 7. Na3 Qb6 8. Bb2 Be7
9. d3 d6 10. e4 Nc6 11. h3 O-O 12. Nd2 Nd7 13. f4 Bf6 14. Bxf6 Nxf6 15. g4 Nd4
16. Nc2 Nd7 17. Nxd4 cxd4 18. f5 e5 19. g5 f6 20. h4 Nc5 21. Nf3 a5 22. Rb1 b4
23. h5 Kh8 24. Nh4 Kg8 25. gxf6 Rxf6 26. Rf3 a4 27. bxa4 Rxa4 28. Qd2 Qa5 29.
Qg5 h6 30. Qg4 Bc6 31. Rg3 Qa7 32. Rb2 Ra3 33. Bf1 b3 34. axb3 Rxb3 35. Rbg2 Kf8
36. Qxg7+ Qxg7 37. Rxg7 Nxd3 38. Rg8+ Ke7 39. R2g7+ Rf7 40. Ng6+ Kf6 41. Rxf7+
Kxf7 42. Rf8+ 1-0

[Event "PRO League Group Stage"]
[Site "chess.com INT"]
[Date "2019.03.12"]
[Round "10"]
[White "Khamrakulov, Djurabek"]
[Black "Haria, Ravi"]
[Result "0-1"]
[WhiteTitle "GM"]
[BlackTitle "IM"]
[WhiteElo "2503"]
[BlackElo "2450"]
[WhiteTeam "New York Marshalls"]
[BlackTeam "London Lions"]
[WhiteFideId "14201143"]
[BlackFideId "415820"]
[EventDate "2019.01.08"]

1. e4 e6 2. d4 d5 3. Nd2 Nf6 4. e5 Nfd7 5. Bd3 c5 6. c3 Nc6 7. Ne2 cxd4 8. cxd4
f6 9. exf6 Nxf6 10. O-O Bd6 11. Nf3 Qc7 12. Nc3 a6 13. Bg5 O-O 14. Bh4 Nh5 15.
Ng5 g6 16. g3 Qg7 17. Be2 Nxd4 18. Bxh5 gxh5 19. Qxh5 h6 20. Nh3 e5 21. Nxd5 Bg4
22. Nf6+ Rxf6 23. Bxf6 Bxh5 24. Bxg7 Bf3 25. Rfe1 Kxg7 26. Re3 Bg4 27. Kg2 Nc2
28. Rd3 Nxa1 29. Rxd6 Rc8 30. Ng1 Rc7 31. h3 Rd7 32. Rb6 Bf5 33. Ne2 Nc2 34. Nc3
Nd4 35. g4 Bd3 36. Kg3 Ne2+ 37. Nxe2 Bxe2 38. Re6 Rd3+ 39. Kh2 Bf3 40. Rxe5 Rd2
41. Kg3 Bc6 42. f4 Rxb2 43. f5 Rxa2 44. Re7+ Kf8 45. Rh7 Rd2 46. Rxh6 a5 47. g5
a4 48. g6 Kg7 49. Rh7+ Kf6 50. Rf7+ Ke5 51. Rf8 a3 52. f6 Rg2+ 53. Kh4 a2 54. f7
a1=Q 55. Re8+ Kd5 56. f8=Q Qa4+ 57. Kh5 Bxe8 58. Qf5+ Kd6 59. Qf6+ Kc7 60. h4
Qg4+ 0-1

[Event "PRO League Group Stage"]
[Site "chess.com INT"]
[Date "2019.03.12"]
[Round "10"]
[White "Horton, Andrew P"]
[Black "Griffith, Kyron"]
[Result "1-0"]
[WhiteTitle "IM"]
[BlackTitle "FM"]
[WhiteElo "2388"]
[BlackElo "2340"]
[WhiteTeam "London Lions"]
[BlackTeam "New York Marshalls"]
[WhiteFideId "424269"]
[BlackFideId "2046318"]
[EventDate "2019.01.08"]

1. d4 Nf6 2. Nf3 g6 3. Nc3 c5 4. d5 Bg7 5. e4 d6 6. h3 O-O 7. Bd3 a6 8. a4 Nbd7
9. O-O Ne8 10. Bf4 Nc7 11. Re1 Rb8 12. a5 b5 13. axb6 Rxb6 14. Qc1 Nb5 15. Na4
Rb8 16. c3 Nb6 17. Nxc5 Ra8 18. Nb3 Qc7 19. c4 Na7 20. c5 Nd7 21. cxd6 Qxc1 22.
Raxc1 exd6 23. Bxd6 Re8 24. Rc2 Nb6 25. Na5 Nb5 26. Bg3 Bf8 27. Nc6 Bb7 28. Ra1
Rac8 29. Rac1 Bh6 30. Ra1 Bf8 31. Bf4 f6 32. Be3 Nd7 33. Nfd4 Nd6 34. Na5 Rxc2
35. Bxc2 Bc8 36. Ne6 Be7 37. Nc6 Kf7 38. Nxe7 Rxe7 39. Ra4 Re8 40. Nc5 Nb6 41.
Ra1 Nbc4 42. Bd4 Nb5 43. Bc3 Re7 44. Bd3 Nxc3 45. bxc3 Ne5 46. Bxa6 Rc7 47. Bxc8
Rxc5 48. Be6+ Kf8 49. Ra8+ Ke7 50. Ra7+ Kf8 51. Rxh7 Rxc3 52. d6 Rd3 53. d7 Rd1+
54. Kh2 1-0

[Event "PRO League Group Stage"]
[Site "chess.com INT"]
[Date "2019.03.12"]
[Round "10"]
[White "Caruana, Fabiano"]
[Black "Postny, Evgeny"]
[Result "1-0"]
[WhiteTitle "GM"]
[BlackTitle "GM"]
[WhiteElo "2828"]
[BlackElo "2623"]
[WhiteTeam "Saint Louis Arch Bishops"]
[BlackTeam "Pittsburgh Pawngrabbers"]
[WhiteFideId "2020009"]
[BlackFideId "2804344"]
[EventDate "2019.01.08"]

1. e4 e5 2. Nf3 Nc6 3. Bb5 a6 4. Ba4 Nf6 5. O-O Be7 6. d3 b5 7. Bb3 d6 8. a3 O-O
9. Nc3 Bg4 10. Be3 Nd4 11. Bxd4 exd4 12. Nd5 Nd7 13. h3 Bxf3 14. Qxf3 c6 15. Nf4
Nc5 16. Ba2 a5 17. Qg4 Kh8 18. Ne2 Bf6 19. f4 Rb8 20. b4 Na4 21. Bb3 Nc3 22.
Nxc3 dxc3 23. bxa5 Qxa5 24. a4 bxa4 25. Rxa4 Qc5+ 26. Kh1 Qe3 27. e5 dxe5 28.
Re4 Qa7 29. fxe5 Be7 30. Bxf7 Rb2 31. Ref4 Qb8 32. Bb3 Rxf4 33. Qxf4 h6 34. Qf7
Rxb3 35. Qxb3 Qxe5 36. d4 Qg3 37. Qe6 Bd6 38. Qe8+ Kh7 39. Qe4+ Kh8 40. Kg1 Qh2+
41. Kf2 Qg3+ 42. Ke2 Qg5 43. Ra1 Qb5+ 44. Kf2 Qb7 45. g3 Qb8 46. Qf3 Be7 47.
Qxc6 Qf8+ 48. Qf3 1-0

[Event "PRO League Group Stage"]
[Site "chess.com INT"]
[Date "2019.03.12"]
[Round "10"]
[White "Erenburg, Sergey"]
[Black "So, Wesley"]
[Result "1/2-1/2"]
[WhiteTitle "GM"]
[BlackTitle "GM"]
[WhiteElo "2589"]
[BlackElo "2765"]
[WhiteTeam "Pittsburgh Pawngrabbers"]
[BlackTeam "Saint Louis Arch Bishops"]
[WhiteFideId "2805642"]
[BlackFideId "5202213"]
[EventDate "2019.01.08"]

1. e4 e5 2. Nf3 Nc6 3. Bb5 a6 4. Ba4 Nf6 5. O-O Be7 6. d3 b5 7. Bb3 d6 8. a4 Bd7
9. c3 O-O 10. Bc2 b4 11. Re1 Rb8 12. Nbd2 Re8 13. h3 d5 14. a5 Bf8 15. Bb3 bxc3
16. bxc3 dxe4 17. Ng5 Re7 18. Ba3 Be8 19. Bxe7 Bxe7 20. Ndxe4 Nd5 21. Nf3 Kh8
22. Bc4 f5 23. Ng3 Nxc3 24. Qc1 f4 25. Nf5 Bb4 26. Nxe5 Nxe5 27. Rxe5 Qf6 28. d4
Bd7 29. Qxf4 Rf8 30. g4 g6 31. g5 Qd8 32. Rc5 Qe8 33. Re5 Qd8 34. Rc5 Qe8 35.
Re5 Qd8 1/2-1/2

[Event "PRO League Group Stage"]
[Site "chess.com INT"]
[Date "2019.03.12"]
[Round "10"]
[White "Ali Marandi, Cemil Can"]
[Black "Le, Tuan Minh"]
[Result "0-1"]
[WhiteTitle "GM"]
[BlackTitle "IM"]
[WhiteElo "2530"]
[BlackElo "2515"]
[WhiteTeam "Saint Louis Arch Bishops"]
[BlackTeam "Pittsburgh Pawngrabbers"]
[WhiteFideId "6300529"]
[BlackFideId "12401153"]
[EventDate "2019.01.08"]

1. e4 c5 2. c3 Nf6 3. e5 Nd5 4. d4 cxd4 5. cxd4 e6 6. Nf3 d6 7. Bc4 Nb6 8. Bd3
Nc6 9. a3 dxe5 10. dxe5 Nd7 11. Qe2 Ndxe5 12. Nxe5 Nxe5 13. Bb5+ Nc6 14. O-O Be7
15. Nc3 O-O 16. Rd1 Qc7 17. Be3 a6 18. Bd3 Rd8 19. Rd2 Bd7 20. Na4 Be8 21. Bb6
Qf4 22. Bxd8 Rxd8 23. Nc3 Nd4 24. Qe4 Qxe4 25. Bxe4 Nf3+ 26. Bxf3 Rxd2 27. Bxb7
Rxb2 28. Bxa6 Bc5 29. Ne4 Bd4 30. Rc1 Kf8 31. h3 h6 32. Rc8 Rb1+ 33. Kh2 Rb6 34.
Be2 Ke7 35. Rc4 Be5+ 36. g3 Rb2 37. Bf1 f5 38. Rc5 Bb8 39. Nc3 Rxf2+ 40. Bg2 Bd6
41. Rc4 Ra2 42. a4 Ra3 43. Bc6 Bh5 44. Kg2 Be5 45. g4 Bg6 46. Ne2 fxg4 47. hxg4
Bd3 48. Rc5 Kd6 0-1